Наставление оратору (Запись № 4788025)

Подробности
000 -МАРКЕР
контрольное поле 01849nam0a2200433 4500
001 - ИДЕНТИФИКАТОР ЗАПИСИ
контрольное поле RU\NLR\bibl\2084159
005 - ИДЕНТИФИКАТОР ВЕРСИИ
контрольное поле 20260406063142.0
010 ## - МЕЖДУНАРОДНЫЙ СТАНДАРТНЫЙ НОМЕР КНИГИ (ISBN)
Номер (ISBN) 978-5-91663-163-0
Тираж 700
021 ## - НОМЕР ГОСУДАРСТВЕННОЙ РЕГИСТРАЦИИ
Код страны Российская Федерация
Номер 2013-74477
Номер Листа государственной регистраци 5111
035 ## - ДРУГИЕ СИСТЕМНЫЕ НОМЕРА
Идентификатор записи (NLR Aleph) 002074309
035 ## - ДРУГИЕ СИСТЕМНЫЕ НОМЕРА
Идентификатор записи (nilc)RuMoRGB-006667171
100 ## - ДАННЫЕ ОБЩЕЙ ОБРАБОТКИ
Данные общей обработки 20131026d2013 |||y0rusy50 ca
101 1# - ЯЗЫК РЕСУРСА
Язык текста, звукозаписи и т.д. русский
Язык оригинала латинский
102 ## - СТРАНА ПУБЛИКАЦИИ ИЛИ ПРОИЗВОДСТВА
Страна публикации Российская Федерация
105 ## - ПОЛЕ КОДИРОВАННЫХ ДАННЫХ: ТЕКСТОВЫЕ МАТЕРИАЛЫ, МОНОГРАФИЧЕСКИЕ
Кодированные данные о монографическом текстовом документе a |||||
200 1# - ЗАГЛАВИЕ И СВЕДЕНИЯ ОБ ОТВЕТСТВЕННОСТИ
Основное заглавие Наставление оратору
Первые сведения об ответственности Марк Фабий Квинтилиан
Последующие сведения об ответственности [пер. с лат. А. Никольского]
210 ## - ПУБЛИКАЦИЯ, РАСПРОСТРАНЕНИЕ И ДР.
Место издания, распространения и т.д. Москва
Имя издателя, распространителя и т. д. Бизнеском
Дата издания, распространения и т.д. 2013
215 ## - ФИЗИЧЕСКАЯ ХАРАКТЕРИСТИКА
Специфическое обозначение материала и объем 471 с.
Другие сведения о физической характеристике ил., портр.
Размеры 23
225 1# - СЕРИЯ
Основное заглавие серии Библиотека Генерального Директора
Наименование части Вечная классика
Обозначение тома Т. 7 (55)
225 1# - СЕРИЯ
Основное заглавие серии Серия "Вечная классика"
300 ## - ОБЩИЕ ПРИМЕЧАНИЯ
Текст примечания Загл. и авт. ориг.: Institutio oratoria / Marcus Fabius Quintilianus
300 ## - ОБЩИЕ ПРИМЕЧАНИЯ
Текст примечания На пер. только авт.
454 #0 - ОРИГИНАЛ (ПЕРЕВОДА)
Встроенное поле 2001#$aInstitutio oratoria$fMarcus Fabius Quintilianus
-- 700#1$aQuintilianus$bM.F.$fок. 35-95$gMarcus Fabius
Заглавие Institutio oratoria
Автор Quintilianus, Marcus Fabius (ок. 35-95)
600 #1 - ИМЯ ЛИЦА КАК ПРЕДМЕТ
Начальный элемент ввода Квинтилиан
Часть имени, кроме начального элемента ввода М.Ф.
Даты ок.35 - 95
Расширение инициалов личного имени Марк Фабий
Системный номер авторитетной/нормативной записи 1322243
Идентификатор авторитетной/нормативной записи RU\NLR\AUTH\66549284
606 1# - НАИМЕНОВАНИЕ ТЕМЫ КАК ПРЕДМЕТ
Наименование темы Риторика
Системный номер авторитетной/нормативной записи 1878520
Идентификатор авторитетной/нормативной записи RU\NLR\AUTH\66853436
686 2# - ИНДЕКСЫ ДРУГИХ КЛАССИФИКАЦИЙ
Индекс Ш70,0(0)
686 1# - ИНДЕКСЫ ДРУГИХ КЛАССИФИКАЦИЙ
Индекс Ш5(0)353.2-4Квинтилиан
700 #1 - ИМЯ ЛИЦА - ПЕРВИЧНАЯ ОТВЕТСТВЕННОСТЬ
Материалы, к которым относится поле rus
Графика поля Кириллица
Начальный элемент ввода Квинтилиан
Часть имени, кроме начального элемента ввода М. Ф.
Даты ок.35-ок.96
Расширение инициалов личного имени Марк Фабий
Идентификатор авторитетной/нормативной записи RU\NLR\AUTH\7713255
Системный номер авторитетной/нормативной записи 122948
801 #0 - ИСТОЧНИК ЗАПИСИ
Страна Российская Федерация
Организация RuMoRKP
Дата составления 20130919
Правила каталогизации RCR
801 #2 - ИСТОЧНИК ЗАПИСИ
Страна Российская Федерация
Организация РГБ
Дата составления 20131003
Правила каталогизации rcr
801 #1 - ИСТОЧНИК ЗАПИСИ
Страна Российская Федерация
Организация RuMoRKP
Дата составления 20130919
Источник данных rusmarc
801 #2 - ИСТОЧНИК ЗАПИСИ
Страна Российская Федерация
Организация NLR
Дата составления 20131021
Правила каталогизации rcr
942 ## - ДОПОЛНИТЕЛЬНЫЕ ЭЛЕМЕНТЫ ЗАПИСИ (АБИС)
Тип экземпляра АБИС Книга
980 ## - КОЛЛЕКЦИЯ
Название коллекции НБР
980 ## - КОЛЛЕКЦИЯ
Название коллекции Национальная библиография

Нет доступных экземпляров.